Quick Pick: Christmas Movies by Protagonist Quiz Stats

 Plays Quiz Updated Dec 24, 2018

Support Sporcle.
Go Orange.
Score 0/15 Timer 01:30
1 Play Today
% Correct
Home Alone
88.5%
A Christmas Carol
86.8%
Elf
86.8%
The Polar Express
86.6%
The Nightmare Before Christmas
81.5%
Die Hard
79.4%
National Lampoon's Christmas Vacation
75.7%
Gremlins
73.9%
% Correct
It's a Wonderful Life
73.6%
The Santa Clause
72.8%
A Christmas Story
71.7%
Miracle on 34th Street
65.5%
Bad Santa
54.2%
Holiday Inn
35.5%
White Christmas
32.9%

Today's Daily Dose

Word Ladder
Math Aid

Get the Picture
Warrior Women

You're not logged in!

Compare scores with friends on all Sporcle quizzes.
OR
Log In
Forgot?

From the Vault

Around the Coast of the World

by Edelweiss

Geography 15m
If you dream of owning waterfront property one day, this quiz will give you some places to start looking.
Remove Ads.
Support Sporcle.
Get the best of Sporcle when you Go Orange. This ad-free experience offers more features, more stats, and more fun while also helping to support Sporcle. Thank you for becoming a member.

Show Comments

Extras

Top Quizzes Today


Score Distribution

Your Account Isn't Verified!

In order to create a playlist on Sporcle, you need to verify the email address you used during registration. Go to your Sporcle Settings to finish the process.

Report this User

Report this user for behavior that violates our Community Guidelines.

Details: